| 000 | 00895nas a2200289 4500 | ||
|---|---|---|---|
| 001 | BR2014000824 | ||
| 003 | BR-BrBNA | ||
| 005 | 20231205123711.0 | ||
| 007 | ta | ||
| 008 | 230509b bl.|||p| |||| 00| 00por d | ||
| 040 |
_aBR-BrBNA _bpor _cBiblioteca Nacional de Agricultura |
||
| 041 | _a(Pt) | ||
| 072 | _aL02 | ||
| 100 | 1 | _aLemos, M.J. de | |
| 100 | 1 | _aCalixto, L.F.L. | |
| 100 | 1 | _aNascimento, A.A. do | |
| 100 | 1 | _aSales, A. | |
| 100 | 1 | _aSantos, M.A.J. dos | |
| 100 | 1 | _aAroucha, R.J.N. | |
| 245 | 1 | _aMorfologia do epitélio intestinal de codornas japonesas alimentadas com pared celular da Saccharomyces cerevisiae | |
| 650 | _aCODORNA | ||
| 650 | _aDIETA | ||
| 650 | _aSACCHAROMYCES CEREVISIAE | ||
| 773 | 0 |
_tCiencia Rural (Brazil) _xISSN 0103-8478 _g(Dec 2013), v. 43(12) p. 2221-2227 _wBR2014000824 |
|
| 909 |
_a202311 _bLúcia _c55 _dLúcia Elande |
||
| 942 |
_2AGRIS _n0 _cANA |
||
| 999 |
_c235252 _d235252 |
||